Libertad sindical y negociación colectiva. Peculiaridades de su ejercicio en el estatuto del personal funcionario /
ISBN:
9788419091024
Descripción Física:
139 pàgs. ; 24 cm.
Colección:
Estudios de Relaciones Laborales
; 14
Idioma:
Catalán , Español
MARC
| LEADER | 00000nam a22000007a 4500 | ||
|---|---|---|---|
| 001 | 26867 | ||
| 003 | Arxiu | ||
| 005 | 20260324181143.0 | ||
| 008 | 221011b spa||||| |||| 00| 0 cat d | ||
| 017 | |a B 18276-2021 | ||
| 020 | |a 9788419091024 | ||
| 040 | |a agdb | ||
| 041 | |a spa | ||
| 100 | |a Mauri Majós, Joan |9 15773 | ||
| 245 | |a Libertad sindical y negociación colectiva. Peculiaridades de su ejercicio en el estatuto del personal funcionario / |c Joan Mauri Majós | ||
| 260 | |a Barcelona : |b Diputació de Barcelona ; |c 2021 | ||
| 300 | |a 139 pàgs. ; |c 24 cm. | ||
| 490 | |a Estudios de Relaciones Laborales ; |v 14 | ||
| 504 | |a Conté bibliografia | ||
| 650 | 0 | |a Negociacions col·lectives de treball |9 10570 | |
| 650 | 0 | |9 54484 |a Funcionaris |x Sindicats | |
| 942 | |2 udc |c ARXIU |n 1 | ||
| 952 | |0 0 |1 0 |2 udc |4 0 |6 BIB985 |7 1 |9 63981 |a Arxiu |b Arxiu |d 2022-10-11 |l 0 |o Bib-985 |p 26867 |r 2022-10-11 00:00:00 |w 2022-10-11 |y ARXIU | ||
| 999 | |c 82700 |d 82700 | ||